[Event "chess.com IoM Masters"]
[Site "Douglas ENG"]
[Date "2016.10.06"]
[Round "6.13"]
[White "Sundararajan, Kidambi"]
[Black "Howell, David W L"]
[Result "0-1"]
[WhiteTitle "GM"]
[BlackTitle "GM"]
[WhiteElo "2429"]
[BlackElo "2644"]
[WhiteFideId "5005370"]
[BlackFideId "410608"]
[EventDate "2016.10.01"]

1. d4 Nf6 2. c4 g6 3. g3 c6 4. Bg2 d5 5. cxd5 cxd5 6. Nc3 Bg7 7. Nf3 O-O 8. O-O
Ne4 9. Qb3 Nc6 10. Bf4 Nxc3 11. bxc3 Na5 12. Qb5 b6 13. Rac1 Bb7 14. Nd2 Rc8 15.
c4 Bc6 16. Qa6 Bb7 17. Qb5 Bc6 18. Qa6 dxc4 19. Qxa7 Bxg2 20. Kxg2 e5 21. dxe5
Ra8 0-1

[Event "chess.com IoM Masters"]
[Site "Douglas ENG"]
[Date "2016.10.06"]
[Round "6.14"]
[White "Puranik, Abhimanyu"]
[Black "Grandelius, Nils"]
[Result "0-1"]
[WhiteTitle "IM"]
[BlackTitle "GM"]
[WhiteElo "2471"]
[BlackElo "2642"]
[WhiteFideId "5061245"]
[BlackFideId "1710400"]
[EventDate "2016.10.01"]

1. Nf3 d5 2. g3 g6 3. Bg2 Bg7 4. c4 e6 5. O-O Nf6 6. d4 O-O 7. Nc3 c6 8. Qc2
dxc4 9. e4 b5 10. Bf4 Bb7 11. Rfd1 a5 12. a4 Na6 13. Ne5 Nb4 14. Qe2 Nh5 15. Be3
Qe8 16. f4 Nf6 17. h4 h5 18. Bf3 Nd3 19. b3 Nd7 20. Nxd3 cxd3 21. Qxd3 b4 22.
Ne2 c5 23. Rac1 Ba6 24. Qd2 c4 25. bxc4 Nb6 26. c5 Nc4 27. Rxc4 Bxc4 28. Qc2 Ba6
29. e5 Rb8 30. c6 b3 31. Qc5 b2 32. Nc3 Rb3 33. Be4 Qb8 34. Qxa5 Rc8 35. Kf2 Bc4
36. Rb1 Bf8 37. Nb5 Bxb5 38. axb5 Rxb5 39. Qc3 Rb3 40. Qc4 Qb6 41. Bd2 Rd8 42.
Be3 Rxe3 43. Kxe3 Rxd4 44. Qxd4 Bc5 45. Qxc5 Qxc5+ 46. Kf3 Kg7 47. Ke2 Qc4+ 48.
Kf3 Kf8 49. Ke3 Ke7 50. Kf3 Kd8 51. Rd1+ Kc8 52. Rb1 Qc3+ 53. Kf2 Qd2+ 54. Kf3
Kc7 55. Rf1 Qc1 56. Kf2 Qc4 57. Bb1 Kxc6 58. Rd1 Qc3 59. Be4+ Kc7 60. Bb1 Qc6
61. Re1 Qc5+ 62. Kg2 Qd5+ 63. Kf2 Qd2+ 64. Kf1 Qh2 0-1

[Event "chess.com IoM Masters"]
[Site "Douglas ENG"]
[Date "2016.10.06"]
[Round "6.17"]
[White "Karavade, Eesha"]
[Black "Meier, Georg"]
[Result "1/2-1/2"]
[WhiteTitle "IM"]
[BlackTitle "GM"]
[WhiteElo "2421"]
[BlackElo "2648"]
[WhiteFideId "5012600"]
[BlackFideId "4675789"]
[EventDate "2016.10.01"]

1. d4 Nf6 2. c4 e6 3. Nc3 Bb4 4. Qc2 O-O 5. e4 d5 6. e5 Ne4 7. Bd3 c5 8. Nf3
cxd4 9. Nxd4 Nd7 10. Bf4 Ndc5 11. O-O Bxc3 12. bxc3 Bd7 13. cxd5 Ba4 14. Nb3
Nxd3 15. Qxd3 Qxd5 16. Qe3 Qc4 17. Na5 Qd5 18. Nb3 Qc4 19. Na5 Qd5 20. Nb3 Qc4 1/2-1/2

[Event "chess.com IoM Masters"]
[Site "Douglas ENG"]
[Date "2016.10.06"]
[Round "6.18"]
[White "Bachmann, Axel"]
[Black "Gaponenko, Inna"]
[Result "1-0"]
[WhiteTitle "GM"]
[BlackTitle "IM"]
[WhiteElo "2645"]
[BlackElo "2421"]
[WhiteFideId "3700488"]
[BlackFideId "14101181"]
[EventDate "2016.10.01"]

1. d4 Nf6 2. Nf3 e6 3. Bf4 c5 4. e3 Nc6 5. Nbd2 d5 6. c3 Bd6 7. Bg3 O-O 8. Bd3
b6 9. Qe2 Bb7 10. Rd1 a6 11. e4 Be7 12. e5 Ne8 13. h4 g6 14. h5 Ng7 15. Bf4 cxd4
16. Nxd4 Nxd4 17. cxd4 Nf5 18. hxg6 fxg6 19. Qg4 Bc6 20. Qh3 Rf7 21. g4 Nh4 22.
Bg3 g5 23. f4 Bb4 24. O-O Bb5 25. Bxb5 axb5 26. a3 Bxd2 27. Rxd2 b4 28. a4 Rxa4
29. f5 b3 30. Bxh4 gxh4 31. fxe6 Rxf1+ 32. Qxf1 Ra7 33. Kh2 Qe8 34. Qf5 Re7 35.
Qf3 Qa8 36. Rf2 Qd8 37. Kh3 Qa8 38. Qf6 Qe8 39. Rf5 Rg7 40. Rg5 Rxg5 41. Qxg5+
Kf8 42. Qf6+ Kg8 43. Kxh4 1-0

[Event "chess.com IoM Masters"]
[Site "Douglas ENG"]
[Date "2016.10.06"]
[Round "6.19"]
[White "Romanishin, Oleg M"]
[Black "Lenderman, Aleksandr"]
[Result "1/2-1/2"]
[WhiteTitle "GM"]
[BlackTitle "GM"]
[WhiteElo "2456"]
[BlackElo "2593"]
[WhiteFideId "14100088"]
[BlackFideId "2021285"]
[EventDate "2016.10.01"]

1. Nf3 d5 2. g3 Nf6 3. Bg2 e6 4. O-O Be7 5. c4 O-O 6. d4 c6 7. Nc3 Nbd7 8. Bf4
dxc4 9. e4 Re8 10. a4 b6 11. Qc2 a5 12. Rfd1 Bb7 13. Rac1 h6 14. h3 Bb4 15. Na2
b5 16. Nxb4 axb4 17. axb5 cxb5 18. Ne5 b3 19. Qe2 Ra2 20. g4 Nxe5 21. dxe5 Nd7
22. Qd2 Bc6 23. Qd6 Qa8 24. Qd4 Nf8 25. Be3 Re7 26. Qc5 Rd7 27. Rxd7 Nxd7 28.
Qd4 Nf8 29. f4 Ra1 30. Rxa1 Qxa1+ 31. Kh2 Qe1 32. Bd2 Qe2 33. Kg3 h5 34. gxh5
Qxh5 35. Bf3 Qg6+ 36. Kh2 Qh6 37. Kg3 Qg6+ 38. Kh2 f6 39. exf6 gxf6 40. f5 Qf7
41. Qd6 Bd7 42. Bh6 Nh7 43. Qb8+ Nf8 44. Qd6 Nh7 45. Qb8+ Nf8 1/2-1/2

[Event "chess.com IoM Masters"]
[Site "Douglas ENG"]
[Date "2016.10.06"]
[Round "6.20"]
[White "Lalith, Babu M R"]
[Black "Wallace, John Paul"]
[Result "0-1"]
[WhiteTitle "GM"]
[BlackTitle "IM"]
[WhiteElo "2586"]
[BlackElo "2355"]
[WhiteFideId "5024595"]
[BlackFideId "3200957"]
[EventDate "2016.10.01"]

1. Nf3 Nf6 2. c4 g6 3. Nc3 Bg7 4. d4 O-O 5. e4 d6 6. h3 e5 7. d5 Nh5 8. g3 Na6
9. Be2 f5 10. exf5 gxf5 11. Bg5 Nf6 12. a3 c6 13. Qd2 Nc5 14. Rd1 Qe8 15. Bxf6
Rxf6 16. b4 Bh6 17. Ng5 Nb3 18. Qe3 Qg6 19. f4 Nd4 20. Bd3 Bd7 21. O-O Re8 22.
h4 Bg7 23. Kh2 Rff8 24. Qf2 h6 25. Nh3 e4 26. Be2 e3 27. Qg2 Nxe2 28. Nxe2 Re4
29. Rd3 cxd5 30. cxd5 Bb5 31. Rdd1 Qf6 32. Rde1 Rc8 33. g4 Rc2 34. g5 Qg6 35.
Qf3 h5 36. Kh1 Qf7 37. g6 Qxd5 38. Nhg1 Bc6 39. Kh2 Re6 0-1

[Event "chess.com IoM Masters"]
[Site "Douglas ENG"]
[Date "2016.10.06"]
[Round "6.21"]
[White "Donchenko, Alexander"]
[Black "Tarjan, James E"]
[Result "1-0"]
[WhiteTitle "GM"]
[BlackTitle "GM"]
[WhiteElo "2581"]
[BlackElo "2420"]
[WhiteFideId "24603295"]
[BlackFideId "2000180"]
[EventDate "2016.10.01"]

1. d4 Nf6 2. c4 e6 3. g3 d5 4. Bg2 Bb4+ 5. Bd2 Bd6 6. Nc3 c6 7. e4 dxe4 8. Nxe4
Nxe4 9. Bxe4 Nd7 10. Nf3 O-O 11. Qc2 Nf6 12. Bd3 b6 13. O-O-O Bb7 14. c5 bxc5
15. dxc5 Bxc5 16. Ng5 h6 17. Bh7+ Kh8 18. Nxf7+ Rxf7 19. Bg6 Rd7 20. Qxc5 Rd5
21. Qe3 Qd7 22. Bc3 Rd8 23. Bc2 e5 24. Bxe5 Re8 25. f4 c5 26. Qc3 Rd4 27. Qxc5
Rd5 28. Rxd5 Nxd5 29. Rd1 Rc8 30. Qd4 Qc6 31. Rd2 Nf6 32. Bxf6 1-0

[Event "chess.com IoM Masters"]
[Site "Douglas ENG"]
[Date "2016.10.06"]
[Round "6.22"]
[White "Hemant, Sharma2"]
[Black "Marin, Mihail"]
[Result "1-0"]
[BlackTitle "GM"]
[WhiteElo "2371"]
[BlackElo "2569"]
[WhiteFideId "5025842"]
[BlackFideId "1200020"]
[EventDate "2016.10.01"]

1. e4 c5 2. c4 Nc6 3. Nc3 g6 4. g3 Bg7 5. Bg2 d6 6. Nge2 Nf6 7. d3 O-O 8. O-O a6
9. h3 Rb8 10. Be3 b5 11. b3 b4 12. Nd5 Nd7 13. Rb1 e6 14. Ndf4 Nd4 15. Bd2 a5
16. Nxd4 cxd4 17. a3 Nc5 18. axb4 axb4 19. Qc2 Qb6 20. Ra1 Bb7 21. Ra2 Ra8 22.
Rfa1 Be5 23. Rxa8 Rxa8 24. Rxa8+ Bxa8 25. Ne2 Qb7 26. Nc1 f5 27. Qa2 fxe4 28.
dxe4 Qb8 29. Qa5 d3 30. Bxb4 Bb2 31. Bxc5 Bxc1 32. Bxd6 Qxd6 33. Qxa8+ Kf7 34.
Bf3 d2 35. Qa7+ Kg8 36. Bd1 Ba3 37. Qe3 e5 38. Qa7 Bc5 39. Qa8+ Kg7 40. Qd5 Kf6
41. Qxd6+ Bxd6 42. Kf1 Bb4 43. Ke2 g5 44. Ke3 Ke6 45. h4 h6 46. Kf3 gxh4 47.
gxh4 Kf6 48. Ke3 Ke6 49. Bc2 Kf6 50. f4 exf4+ 51. Kxf4 Bd6+ 52. Ke3 Ke5 53. Kxd2
Kd4 54. h5 Bb4+ 55. Ke2 Bc5 56. Kf3 Bd6 57. Kg4 Ke5 58. Bb1 Ba3 59. Kf3 Bc1 60.
c5 Ba3 61. c6 Kd6 62. Kg4 Kxc6 63. Kf5 Kd7 64. Kg6 Bf8 65. Kf7 Bb4 66. e5 Bc5
67. Bf5+ Kd8 68. Ke6 Bf8 69. Bg4 Kc7 70. Kf7 Bb4 71. Ke8 Bc3 72. e6 Kd6 73. Kf7 1-0

[Event "chess.com IoM Masters"]
[Site "Douglas ENG"]
[Date "2016.10.06"]
[Round "6.23"]
[White "Mannion, Stephen R"]
[Black "Aravindh, Chithambaram VR."]
[Result "0-1"]
[WhiteTitle "IM"]
[BlackTitle "GM"]
[WhiteElo "2313"]
[BlackElo "2564"]
[WhiteFideId "2400111"]
[BlackFideId "5072786"]
[EventDate "2016.10.01"]

1. e4 c5 2. Nf3 d6 3. d4 cxd4 4. Nxd4 Nf6 5. Nc3 a6 6. f4 e5 7. Nf3 Nbd7 8. a4
Qc7 9. Bd3 Be7 10. O-O O-O 11. Kh1 Nc5 12. fxe5 dxe5 13. Bg5 Be6 14. Qe2 Rac8
15. Bh4 Rfe8 16. Bg3 Nfd7 17. Nd4 exd4 18. Bxc7 dxc3 19. Ba5 cxb2 20. Rab1 Nxa4
21. e5 b5 22. Rbd1 g6 23. Rfe1 Rc5 24. Qd2 Rxe5 25. Rxe5 Nxe5 26. Be4 Nc4 27.
Qe1 Bf8 28. Bf3 Bd7 29. Qg1 Bc5 30. Qf1 Ne3 31. Qe2 Nxd1 32. Qxd1 b4 33. Bd5 Nc3 0-1

[Event "chess.com IoM Masters"]
[Site "Douglas ENG"]
[Date "2016.10.06"]
[Round "6.24"]
[White "Shyam, Sundar M."]
[Black "Kojima, Shinya"]
[Result "1/2-1/2"]
[WhiteTitle "GM"]
[BlackTitle "IM"]
[WhiteElo "2552"]
[BlackElo "2399"]
[WhiteFideId "5019141"]
[BlackFideId "7000812"]
[EventDate "2016.10.01"]

1. e4 c6 2. c4 d5 3. exd5 Nf6 4. Nc3 cxd5 5. cxd5 Nxd5 6. Nf3 Nxc3 7. bxc3 Qc7
8. d4 Nd7 9. Qb3 e6 10. Bd3 Bd6 11. O-O O-O 12. Qc2 h6 13. Qe2 b6 14. c4 Bb7 15.
Bb2 Rfe8 16. Rfe1 Bxf3 17. Qxf3 Bxh2+ 18. Kh1 Bf4 19. Re4 Bg5 20. Rae1 Nf6 21.
Re5 Nd7 22. Rxg5 hxg5 23. Qh5 f5 24. Qxg5 Nf6 25. f3 Kf7 26. Kg1 Rh8 27. Re5 Rh5
28. Qf4 g5 29. Qe3 f4 30. Qe2 Re8 31. Qc2 Rg8 32. c5 Nd5 33. Bc4 Rd8 34. Rxe6
Kxe6 35. Qg6+ Kd7 36. Bxd5 Rdh8 37. Ba3 Kc8 38. Bg8 Qe7 39. Qc6+ Kb8 40. Be6
Rh1+ 41. Kf2 g4 42. Bb4 g3+ 43. Ke2 R1h6 44. d5 Rxe6+ 45. Qxe6 Qxe6+ 46. dxe6
Re8 47. cxb6 Rxe6+ 48. Kd3 Rxb6 49. a3 Rh6 50. Ke4 Rh2 51. Kxf4 Rxg2 52. Kg4 Kb7
53. Kh3 Rg1 54. Bc5 Rc1 55. Bb4 Rg1 56. Bc5 Rc1 57. Bb4 Kc6 58. Kxg3 Kd5 59. Kf4
Rf1 60. Ke3 a6 61. Ke2 Rh1 62. Ke3 Rh4 63. Kd3 Rc4 64. Ke3 Ke5 65. Kd3 Rc6 66.
Ke3 Kf5 67. Bd2 Rb6 68. Kd4 Rb3 69. Kc5 Rxa3 70. Kb6 Rxf3 71. Kxa6 Rb3 72. Ka7
Ke6 73. Bf4 Kd7 74. Be5 Kc6 75. Bf4 Rb7+ 76. Ka8 Kb6 77. Be3+ Ka6 78. Bf4 Rf7
79. Be5 Rf8+ 80. Bb8 Kb6 1/2-1/2

[Event "chess.com IoM Masters"]
[Site "Douglas ENG"]
[Date "2016.10.06"]
[Round "6.25"]
[White "Schroeder, Jan-Christian"]
[Black "Shvayger, Yuliya"]
[Result "1/2-1/2"]
[WhiteTitle "GM"]
[BlackTitle "WIM"]
[WhiteElo "2514"]
[BlackElo "2405"]
[WhiteFideId "24662259"]
[BlackFideId "14100126"]
[EventDate "2016.10.01"]

1. e4 c5 2. Nf3 Nc6 3. d4 cxd4 4. Nxd4 Nf6 5. Nc3 e6 6. Ndb5 Bb4 7. a3 Bxc3+ 8.
Nxc3 d5 9. exd5 Nxd5 10. Nxd5 exd5 11. Bd3 Qe7+ 12. Qe2 Qxe2+ 13. Kxe2 Ne5 14.
Be3 Nxd3 15. Kxd3 Bf5+ 16. Kd2 Rc8 17. c3 a6 18. Bd4 f6 19. g4 Be4 20. Rhg1 h6
21. h4 Kf7 22. Rg3 Rhe8 23. Rag1 Rc6 24. f4 b5 25. b4 Ra8 26. a4 bxa4 27. Ra1 h5
28. g5 fxg5 29. fxg5 Kg6 30. Rgg1 Rf8 1/2-1/2

[Event "chess.com IoM Masters"]
[Site "Douglas ENG"]
[Date "2016.10.06"]
[Round "6.26"]
[White "Khmelniker, Ilya"]
[Black "Balint, Vilmos"]
[Result "0-1"]
[WhiteTitle "GM"]
[WhiteElo "2493"]
[BlackElo "2334"]
[WhiteFideId "2805340"]
[BlackFideId "718050"]
[EventDate "2016.10.01"]

1. d4 d5 2. Nf3 Bf5 3. c4 e6 4. g3 Nf6 5. Bg2 Nbd7 6. Nc3 c6 7. Qb3 Qb6 8. c5
Qa6 9. Nh4 b6 10. Nxf5 exf5 11. cxb6 axb6 12. O-O Be7 13. Qc2 g6 14. Bh6 Ng4 15.
Qd2 Nxh6 16. Qxh6 Nf6 17. Qg7 Rg8 18. Qh6 g5 19. Qh3 Qc8 20. Rfc1 Qe6 21. Bf1
Rg6 22. e3 Ng4 23. Qg2 h5 24. Bb5 Kf8 25. Bxc6 Qxc6 26. Nxd5 Qa4 27. Qf3 Nh6 28.
Qxh5 Bd8 29. Qf3 Rd6 30. a3 Ra5 31. Nb4 Bf6 32. Rc8+ Kg7 33. Rac1 Qb3 34. Qe2
Qe6 35. Qf3 Qb3 36. Qe2 Qe6 37. Qf3 Qb3 38. R8c3 Qxb2 39. R1c2 Qa1+ 40. Rc1 Qb2
41. R1c2 Qb1+ 42. Kg2 f4 43. Rc1 Qg6 44. Nc6 Rb5 45. Qe2 Rf5 46. e4 f3+ 47. Rxf3
Rxf3 48. e5 Rxa3 49. exd6 Qf5 50. Ne5 Qe6 51. d7 Qd5+ 52. Kg1 Qxd4 53. Nf3 Qxd7
54. Nxg5 Qg4 0-1

[Event "chess.com IoM Masters"]
[Site "Douglas ENG"]
[Date "2016.10.06"]
[Round "6.27"]
[White "Trent, Lawrence"]
[Black "Von Meijenfeldt, Bart"]
[Result "1-0"]
[WhiteTitle "IM"]
[BlackTitle "FM"]
[WhiteElo "2463"]
[BlackElo "2265"]
[WhiteFideId "408638"]
[BlackFideId "1032259"]
[EventDate "2016.10.01"]

1. d4 Nf6 2. Bg5 e6 3. Nd2 d5 4. e3 Nbd7 5. Ngf3 Be7 6. Bd3 b6 7. c3 Bb7 8. Qb1
h6 9. Bh4 c5 10. O-O O-O 11. Re1 Rc8 12. Ne5 Nxe5 13. dxe5 Ng4 14. Bg3 Bh4 15.
f4 Bxg3 16. hxg3 d4 17. Nf1 c4 18. Bh7+ Kh8 19. Be4 Bxe4 20. Qxe4 d3 21. Qf3 f5
22. exf6 Nxf6 23. g4 e5 24. Nd2 Qe7 25. Qh3 exf4 26. exf4 Qc5+ 27. Kh1 Nd5 28.
g3 Rce8 29. Ne4 Rxe4 30. Rxe4 Ne3 31. g5 d2 32. Qd7 Nf5 33. Kg2 Ne3+ 34. Kf3 Nc2
35. Rh1 Ne1+ 36. Ke2 Nd3 37. Qd4 Qf5 38. Kxd2 Nf2 39. Re7 Rg8 40. Rxh6+ 1-0

[Event "chess.com IoM Masters"]
[Site "Douglas ENG"]
[Date "2016.10.06"]
[Round "6.28"]
[White "Das, Arghyadip"]
[Black "Ushenina, Anna"]
[Result "1/2-1/2"]
[WhiteTitle "IM"]
[BlackTitle "GM"]
[WhiteElo "2400"]
[BlackElo "2459"]
[WhiteFideId "5003610"]
[BlackFideId "14110911"]
[EventDate "2016.10.01"]

1. e4 c5 2. Nf3 Nc6 3. Bb5 g6 4. Bxc6 dxc6 5. d3 Bg7 6. O-O Nf6 7. h3 O-O 8. Nc3
Ne8 9. Be3 b6 10. Qd2 e5 11. Nh2 Nc7 12. f4 exf4 13. Bxf4 Ne6 14. Be3 Nd4 15.
Rf2 Be6 16. Bh6 Qc7 17. Bxg7 Kxg7 18. Raf1 f5 19. Nf3 Rae8 20. Nxd4 cxd4 21.
exf5 Bxf5 22. Ne2 c5 23. Nf4 Qd6 24. Nh5+ gxh5 25. Rxf5 Rxf5 26. Rxf5 Re3 27.
Qf2 Kg6 28. Rf8 Re1+ 29. Qxe1 Qxf8 30. Qg3+ Kh6 31. Qe5 Kg6 32. a4 Qf5 33. Qb8
Qg5 34. Qg8+ Kh6 35. Qf8+ Kg6 36. Qg8+ Kh6 1/2-1/2

[Event "chess.com IoM Masters"]
[Site "Douglas ENG"]
[Date "2016.10.06"]
[Round "6.29"]
[White "Merry, Alan B"]
[Black "Granda Zuniga, Julio E"]
[Result "0-1"]
[WhiteTitle "FM"]
[BlackTitle "GM"]
[WhiteElo "2388"]
[BlackElo "2648"]
[WhiteFideId "418811"]
[BlackFideId "3800024"]
[EventDate "2016.10.01"]

1. e4 c5 2. Nf3 Nc6 3. Bb5 g6 4. Bxc6 bxc6 5. O-O Bg7 6. Re1 Nh6 7. c3 O-O 8. d4
Qb6 9. Nbd2 cxd4 10. cxd4 Bxd4 11. Nc4 Bxf2+ 12. Kh1 Qc5 13. Nce5 Bxe1 14. Qxe1
d6 15. b4 Qb5 16. Bxh6 dxe5 17. Bxf8 Kxf8 18. Qh4 Kg8 19. Qxe7 Be6 20. h3 Qe2
21. Ng5 Bxa2 22. Qxe5 Rd8 23. Nf3 Rd1+ 24. Kh2 Rxa1 25. Qe8+ Kg7 26. Qe5+ f6 27.
Qxa1 a6 28. e5 Bd5 29. exf6+ Kf7 30. Ne1 Ke6 31. Qc3 Qe5+ 32. Qxe5+ Kxe5 33. Kg3
Kxf6 34. Kf4 g5+ 35. Ke3 h5 36. g3 Be6 37. h4 gxh4 38. gxh4 Kf5 39. Nd3 Kg4 40.
Ne5+ Kxh4 41. Nxc6 Kg3 42. Nd4 Bg4 43. b5 axb5 44. Nxb5 h4 45. Nc3 Bf3 46. Nb1
h3 47. Nd2 Bg2 0-1

[Event "chess.com IoM Masters"]
[Site "Douglas ENG"]
[Date "2016.10.06"]
[Round "6.30"]
[White "Vishnu Prasanna, V"]
[Black "Harsha, Bharathakoti"]
[Result "1-0"]
[WhiteTitle "GM"]
[WhiteElo "2522"]
[BlackElo "2363"]
[WhiteFideId "5030692"]
[BlackFideId "5078776"]
[EventDate "2016.10.01"]

1. c4 e5 2. Nc3 Nf6 3. Nf3 Nc6 4. g3 Bb4 5. Bg2 O-O 6. O-O e4 7. Nh4 Bxc3 8.
dxc3 Re8 9. Qc2 h6 10. Nf5 d6 11. Ne3 Ne5 12. h3 Bd7 13. b3 Qc8 14. Kh2 Ng6 15.
f4 exf3 16. exf3 Bc6 17. Bd2 b6 18. Rae1 Bb7 19. Bc1 Qd7 20. Qf5 Ne5 21. Rd1
Qxf5 22. Nxf5 Ned7 23. Nd4 Nc5 24. Rf2 a6 25. g4 d5 26. Bf4 dxc4 27. bxc4 Rac8
28. Rfd2 Nfd7 29. Nb3 Ne6 30. Bg3 Ndc5 31. h4 g5 32. Nd4 Kh7 33. Nf5 Bc6 34. Rh1
Nf4 35. Kg1 Ne2+ 36. Kf2 Nxg3 37. Kxg3 gxh4+ 38. Rxh4 Re6 39. Bf1 Rh8 40. Rdh2
Kg8 41. g5 Kf8 42. Rxh6 Rexh6 43. Rxh6 1-0

[Event "chess.com IoM Masters"]
[Site "Douglas ENG"]
[Date "2016.10.06"]
[Round "6.31"]
[White "Hillarp Persson, Tiger"]
[Black "Kavutskiy, Konstantin"]
[Result "1-0"]
[WhiteTitle "GM"]
[BlackTitle "FM"]
[WhiteElo "2513"]
[BlackElo "2332"]
[WhiteFideId "1700812"]
[BlackFideId "2026384"]
[EventDate "2016.10.01"]

1. d4 Nf6 2. c4 g6 3. Nc3 Bg7 4. e4 d6 5. Be2 O-O 6. Nf3 Na6 7. O-O e5 8. Be3 c6
9. Qd2 Ng4 10. Bg5 f6 11. Bh4 Nh6 12. h3 Nf7 13. Rad1 Qe7 14. c5 dxc5 15. dxe5
Nc7 16. Qe3 b6 17. a3 Re8 18. exf6 Bxf6 19. Bxf6 Qxf6 20. b4 cxb4 21. axb4 Kg7
22. Nh2 Qe7 23. Rb1 Nd6 24. Qd4+ Qe5 25. Rfd1 Qxd4 26. Rxd4 Nf7 27. h4 c5 28.
bxc5 Ne6 29. Rdd1 Nxc5 30. f3 Be6 31. Nf1 Red8 32. Ne3 Bb3 33. Rxd8 Nxd8 34. Bc4
Bxc4 35. Nxc4 Nc6 36. h5 Re8 37. Nd5 Ne7 38. h6+ Kf8 39. Nf6 Rd8 40. Nxh7+ Kf7
41. Ne5+ Kg8 42. Ng5 1-0

[Event "chess.com IoM Masters"]
[Site "Douglas ENG"]
[Date "2016.10.06"]
[Round "6.32"]
[White "Arakhamia-Grant, Ketevan"]
[Black "Zumsande, Martin"]
[Result "0-1"]
[WhiteTitle "GM"]
[BlackTitle "IM"]
[WhiteElo "2376"]
[BlackElo "2490"]
[WhiteFideId "13600168"]
[BlackFideId "4651324"]
[EventDate "2016.10.01"]

1. e4 e6 2. d4 d5 3. Nc3 Nf6 4. e5 Nfd7 5. f4 c5 6. Nf3 Nc6 7. Be3 Be7 8. Qd2
O-O 9. dxc5 Qa5 10. Bb5 Bxc5 11. Nd4 Nxd4 12. Bxd4 Bxd4 13. Qxd4 Nb8 14. O-O-O
Nc6 15. Qa4 Qb6 16. Rhe1 a6 17. Bd3 Qc5 18. f5 exf5 19. Qf4 d4 20. Ne2 Re8 21.
Ng3 Nxe5 22. Kb1 Bd7 23. Bxf5 Bc6 24. Ne4 Bxe4 25. Rxe4 Nc6 26. a3 Rxe4 27. Bxe4
g6 28. Qc7 Re8 29. Bf3 Re7 30. Qc8+ Kg7 31. h3 a5 32. h4 h5 33. g4 hxg4 34. Bxg4
Qd5 35. h5 gxh5 36. Bf5 Qg2 37. Bd3 Qg4 38. Qxg4+ hxg4 39. Rg1 Ne5 40. Bf5 Kf6
41. Bxg4 Nxg4 42. Rxg4 Ke5 43. Rg7 Ke6 44. Kc1 f5 45. Rg6+ Ke5 46. Kd2 Ke4 47.
Ke2 b5 48. b3 f4 49. Ra6 f3+ 50. Kf2 Rc7 51. Re6+ Kd5 52. Ra6 Rxc2+ 53. Kxf3
Rc3+ 54. Ke2 Rxb3 55. Rxa5 Kc4 56. Kd2 Rb2+ 57. Kc1 Ra2 58. Ra8 Kd3 59. Rh8 Rc2+
60. Kb1 Re2 61. Kc1 Re5 62. Kb2 Kd2 63. Kb3 d3 64. Rh2+ Ke3 65. Rh3+ Kd4 66.
Rh4+ Re4 67. Rh2 Rf4 68. Rh5 Rf1 69. Rh4+ Ke3 70. Rh3+ Ke2 71. Rh2+ Rf2 72. Rh5
d2 73. Re5+ Kd1 74. Kb2 Re2 75. Rh5 Re4 76. Rh1+ Ke2 77. Rh2+ Kd3 78. Rh3+ Re3
79. Rh1 Re1 0-1

[Event "chess.com IoM Masters"]
[Site "Douglas ENG"]
[Date "2016.10.06"]
[Round "6.33"]
[White "Gagare, Shardul"]
[Black "Osmanodja, Filiz"]
[Result "1/2-1/2"]
[WhiteTitle "GM"]
[BlackTitle "WIM"]
[WhiteElo "2480"]
[BlackElo "2299"]
[WhiteFideId "5037883"]
[BlackFideId "24633569"]
[EventDate "2016.10.01"]

1. d4 Nf6 2. c4 e6 3. Nf3 Bb4+ 4. Nbd2 b6 5. a3 Bxd2+ 6. Qxd2 Bb7 7. e3 O-O 8.
Be2 d6 9. O-O Nbd7 10. b4 Ne4 11. Qd3 f5 12. Nd2 c5 13. f3 Nxd2 14. Qxd2 Qe7 15.
Bb2 Rad8 16. Rfd1 Qg5 17. Qc3 Rf6 18. Rf1 Rh6 19. Rf2 Qh5 20. g3 cxd4 21. Qxd4
e5 22. Qd2 Re8 23. a4 Ree6 24. Raf1 Qh3 25. Bd1 Nf6 26. Rg2 g5 27. Bc2 Ne8 28.
e4 fxe4 29. fxe4 Ref6 30. Rxf6 Rxf6 31. Qxg5+ Kf7 32. c5 bxc5 33. b5 h6 34. Qe3
Qg4 35. a5 Nc7 36. a6 Bc8 37. Rf2 Rxf2 38. Kxf2 Qg6 39. Bd3 Qg5 40. Bc4+ Ke7 41.
Bc1 Qxe3+ 42. Bxe3 h5 1/2-1/2

[Event "chess.com IoM Masters"]
[Site "Douglas ENG"]
[Date "2016.10.06"]
[Round "6.34"]
[White "Visakh, N R"]
[Black "Karthik, Venkataraman"]
[Result "1-0"]
[WhiteTitle "IM"]
[BlackTitle "FM"]
[WhiteElo "2456"]
[BlackElo "2317"]
[WhiteFideId "25012223"]
[BlackFideId "25006479"]
[EventDate "2016.10.01"]

1. e4 e5 2. Nf3 Nc6 3. Bc4 Bc5 4. d3 Nf6 5. O-O O-O 6. Bg5 Be7 7. c3 d6 8. a4 h6
9. Bh4 Nh5 10. Bg3 Nxg3 11. hxg3 a5 12. Na3 Bf6 13. Qb3 g6 14. Nc2 Nb8 15. d4
Nd7 16. Bd3 Nb6 17. Nd2 Kg7 18. Nc4 Nxc4 19. Bxc4 Qe7 20. Rfe1 h5 21. dxe5 Bxe5
22. Ne3 h4 23. f4 Bf6 24. g4 Qd8 25. Rad1 Be7 26. e5 Bd7 27. Bb5 Bxb5 28. Qxb5
Qc8 29. exd6 Bxd6 30. Qg5 f6 31. Qxh4 Bxf4 32. Nf5+ gxf5 33. Re7+ Rf7 34. Rxf7+
Kxf7 35. Qh7+ Ke8 36. Qh8+ Kf7 37. Qh7+ Ke8 38. Re1+ Be5 39. g5 Qe6 40. gxf6 Rd8
41. f7+ Ke7 42. Qh4+ Kxf7 43. Qxd8 Bh2+ 44. Kxh2 Qxe1 45. Qxc7+ Kf6 46. Qd6+ Kf7
47. Qd5+ Kf6 48. Qd6+ Kf7 49. Qf4 Ke6 50. Qd4 Kf7 51. b4 axb4 52. cxb4 Qe7 53.
a5 Qe2 54. Qd7+ Kf6 55. Qxb7 Qh5+ 56. Kg3 Qg5+ 57. Kf3 Qg4+ 58. Ke3 Qc4 59. Kd2
Kg5 60. Qg7+ Kh5 61. Qc3 Qd5+ 62. Kc1 Qb5 63. Kb2 Kg4 64. Ka3 f4 65. Qf3+ Kg5
66. g3 fxg3 67. Qxg3+ Kf5 68. Qe3 Qf1 69. Kb2 Kf6 70. Kc3 Qa1+ 71. Kc4 Qa4 72.
Kc5 Kf5 73. Qd3+ Kf4 74. a6 1-0

[Event "chess.com IoM Masters"]
[Site "Douglas ENG"]
[Date "2016.10.06"]
[Round "6.35"]
[White "Rakesh, Kumar Jena"]
[Black "Kiewra, Keaton F"]
[Result "0-1"]
[WhiteTitle "FM"]
[BlackTitle "IM"]
[WhiteElo "2247"]
[BlackElo "2454"]
[WhiteFideId "5084822"]
[BlackFideId "2019280"]
[EventDate "2016.10.01"]

1. Nf3 d5 2. d4 Nf6 3. Bf4 c5 4. e3 Nc6 5. Nbd2 cxd4 6. exd4 Qb6 7. Nb3 Bf5 8.
c3 e6 9. Be2 h6 10. a4 a5 11. O-O Be7 12. Ne5 O-O 13. Bb5 Na7 14. Bd3 Bxd3 15.
Nxd3 Nc8 16. Nbc5 Nd6 17. b4 Qc7 18. bxa5 Rxa5 19. Nb3 Ra7 20. a5 Rfa8 21. Ndc5
Qc6 22. Bxd6 Bxd6 23. Rc1 Bc7 24. Rb1 Ne4 25. Nxe4 dxe4 26. Nc5 Bxa5 27. Qb3 Bc7
28. Qb5 Qd5 29. Nxb7 Ra2 30. Qxd5 exd5 31. g3 Rc2 32. Rfc1 Rd2 33. Rd1 Rxd1+ 34.
Rxd1 f5 35. Rb1 g5 36. Nc5 f4 37. c4 dxc4 38. Nxe4 f3 39. Rc1 Bb6 40. d5 Bd4 41.
h3 Ra4 42. d6 Kf7 43. d7 Ke7 44. Kh2 Kd8 45. g4 Bb2 46. Rd1 Ra5 47. Kg3 Ra3 48.
Kh2 Be5+ 49. Kg1 Ra5 50. Kf1 c3 0-1